[Event "EU-ch 6th"]
[Site "Warsaw"]
[Date "2005.06.21"]
[Round "4"]
[White "Tzermiadianos, Andreas"]
[Black "Socko, Bartosz"]
[Result "1-0"]
[WhiteElo "2453"]
[BlackElo "2583"]
[Annotator "Postny,E"]
[PlyCount "61"]
[EventDate "2005.06.18"]
[EventType "swiss"]
[EventRounds "13"]
[EventCountry "POL"]
[SourceTitle "CBM 108"]
[Source "ChessBase"]
[SourceDate "2005.09.26"]
[SourceVersion "1"]
[SourceVersionDate "2005.09.26"]
[SourceQuality "1"]

1. e4 e6 2. d4 d5 3. Nd2 Be7 4. Bd3 c5 5. dxc5 Nf6 6. Qe2 a5 {It is
recommended for black to capture the Pc5 with a knight, while this move is
directed against white's possibilities to defend the Pc5 either b2-b4 or
Nd2-b3.} 7. Ngf3 O-O 8. e5 {White closes the centre, and intends to develope
an initiative on the kingside. However, this move looks a bit too
straightforward, and with precise play black should obtain a good game.} ({
Usually white chooses} 8. O-O) ({or} 8. a4) 8... Nfd7 9. h4 h6 (9... Qc7 10. c4
Nxc5 11. Bc2 Nc6 12. Kf1 h6 13. Nb3 dxc4 14. Nxc5 Bxc5 15. Qe4 f5 16. exf6 Rxf6
17. Qh7+ Kf7 18. Bg5 Be7 19. Bxf6 Bxf6 20. Bg6+ Ke7 21. Qg8 $40 {1-0 Remmler,
H-Unzicker,F/Germany 2004 (41)}) 10. Nb3 (10. c3 Nxc5 11. Bc2 f5 12. exf6 Bxf6
13. Ne5 Bxe5 14. Qxe5 Nc6 15. Qg3 e5 16. Nb3 Nxb3 17. Bxb3 Rf6 18. a4 Be6 19.
O-O Qb6 20. Bc2 Raf8 $15 {0-1 Rozentalis,E-Vallejo Pons,F/Calvia 2004 (32)}) (
10. g4 Nxc5 11. Nf1 Nxd3+ 12. cxd3 b6 13. Ng3 Ba6 14. Nh5 Nd7 15. Be3 d4 16.
Bf4 Nc5 17. Rd1 Qd5 $15 {Tissir,M-Narciso Dublan,M/Mataro 2004}) (10. Ng5 Nc6
11. f4 Nxc5 12. Nb3 b6 13. c3 Ra7 14. Bb5 Rc7 15. Nxc5 bxc5 16. Qd3 g6 17. Bxc6
Rxc6 18. h5 hxg5 19. hxg6 g4 20. g7 Bh4+ 21. g3 $16 {0-1 Niemi,K-Fodor,T/
Budapest 2005 (33)}) 10... Nc6 $146 (10... a4 11. Nbd4 Nxc5 12. Rh3 Nc6 13. Bf4
a3 14. b3 Nb4 15. Qe3 f5 16. exf6 Bxf6 17. Ne5 Nbxd3+ 18. cxd3 Nd7 19. Ndf3
Nxe5 20. Bxe5 Bd7 $13 {1-0 Jansa,V-Cifka,S/Karlovy Vary 2005 (46)}) 11. Rh3 {
A typical manoeuvre. The rook is going to g3, which might be annoying for the
black king...} f5 12. Bf4 $6 ({After} 12. exf6 $6 Nxf6 {black is fine.}) (12.
a4) 12... a4 13. Nbd4 Nxc5 {Black has already great initiative on the
queenside, while white's chances on the other side of the board are quite
murky...} 14. Qe3 a3 $6 {This move looks rather illogical. Black could use Pb2
as a target.} (14... Qb6 {[%csl Rb2]} 15. Rb1 Nxd3+ 16. Qxd3 Nb4 $17) 15. b3
Qa5+ 16. Kf1 Nxd3 (16... Qc3 17. Qe1 Qxe1+ 18. Kxe1 $11) 17. cxd3 $6 {This
move is directly connected with the exchange sacrifice. Frankly speaking, this
should not work, but from practical point of view this is quite interesting...}
(17. Nxc6 bxc6 18. cxd3 Kh7 $1 $15 {Preventing white's possible Bxh6 strike
forever.}) (17. Qxd3 {was objectively stronger.}) 17... Nxd4 18. Nxd4 Bc5 19.
Rc1 (19. Bxh6 $2 f4 $1 20. Bxf4 Qb6 $19) 19... Qb6 20. Rxc5 {Forced.} Qxc5 21.
Rg3 Rf7 (21... Kh7 $2 22. Rxg7+ Kxg7 23. Nxe6+ {winning the queen.}) 22. Bxh6
f4 $1 23. Bxf4 Bd7 $2 {Wasting a crucial tempo.} (23... Qc3 24. Kg1 Qa1+ 25.
Kh2 Qxa2 26. Bh6 (26. Ne2 Qb2 27. Bh6 {[%csl Rg7][%cal Ge3g5]} b6 $1 {[%csl
Yg7][%cal Ya8a7,Ya7g7]} 28. Qg5 Raa7 {This shows another drawback of 23...Bd7,
the 7th rank is blocked in that case.} 29. Qd8+ Rf8 30. Qg5 Rf5 31. Qd8+ Kh7
$19) 26... Qxf2 27. Rxg7+ Kh8 28. Rxf7 (28. Qg5 Qf4+ 29. Qxf4 Rxf4 $19) 28...
Qxf7 {[%csl Ga3] and white can't create real threats against the opponent's
king, while black's strong passed pawn should bring him a victory.}) 24. Kg1 $1
Qc3 25. Kh2 $1 {White's king is safe now, which can not be said about his
counterpart.} Qb2 26. Bh6 Raf8 (26... Qxa2 {[%tqu "En","Find the best move.",
"","","d4e2","",20,"h6g7","",0,"e3g5","",0]} 27. Ne2 $3 $18 (27. Bxg7 $2 Rxg7
28. Rxg7+ Kxg7 29. Qg5+ {with a perpetual check only.}) (27. Qg5 $2 Qxf2 28.
Rf3 (28. Bxg7 Qxg3+ 29. Qxg3 Rxg7 $17 {[%csl Ga3]}) 28... Qxf3 29. gxf3 a2 30.
Nc2 Kf8 {and black is fine again.}) 27... Qb2 (27... Qxe2 28. Qxe2 a2 29. Qg4
a1=Q 30. Bxg7 $18) (27... Be8 28. Qg5 Qxe2 29. Bxg7 Rf5 30. Qh6 {mating.}) 28.
Qg5 Qxe2 29. Bxg7 Qh5 30. Qxh5 Rxg7 31. Rxg7+ Kxg7 32. Qg5+ Kh8 33. h5 a2 34.
Qf6+ Kh7 35. Qe7+ Kh8 36. h6 Rg8 37. Qa3 $18) 27. f3 Rc8 28. Rg4 $1 {[%csl Yd4]
[%cal Yg4d4] Protecting the knight and threatening Qe3-g5 which is deadly for
black.} Be8 29. Nxe6 (29. Bxg7 Rxg7 30. Rxg7+ Kxg7 31. Qg5+ Kh7 32. Nxe6 $18)
29... Bd7 30. Bxg7 Bxe6 31. Qh6 1-0

[Event "Arber op 1st"]
[Site "Bayerisch Eisenstein"]
[Date "2012.08.20"]
[Round "3"]
[White "Prusikin, Michael"]
[Black "Hausner, Ivan"]
[Result "1-0"]
[WhiteElo "2543"]
[BlackElo "2415"]
[Annotator "Prusikin,M"]
[PlyCount "105"]
[EventDate "2012.08.18"]
[EventType "swiss"]
[EventRounds "9"]
[EventCountry "GER"]
[SourceTitle "EXT 2014"]
[Source "ChessBase"]
[SourceDate "2013.11.20"]
[SourceVersion "1"]
[SourceVersionDate "2013.11.20"]
[SourceQuality "1"]

1. d4 e6 2. e4 d5 3. Nd2 Be7 {Die Hausner-Variante! Diesen Zug spielte Ivan
bereits, als Moro noch nicht auf der Welt war!} 4. e5 $1 {Aus meiner Sicht die
prinzipiellste Reaktion.} c5 5. Qg4 Kf8 {Wohl am besten.} 6. Ndf3 $5 {Eine
seltene Idee, üblich ist 6.dxc5. Es gelang mir, meinen Gegner, der über eine
enorme Erfahrung mit dieser Variante verfügt, mit diesem Zug zu überraschen.
Trotzdem zog er gewohnt zügig} Nc6 7. Bd3 f5 $6 $146 {Auch das kam recht
schnell. Der Zug ist neu, aber nicht gut. Richtig ist 7...cxd4, während das
von Houdini favorisierte 7..c4 zu einer für Schwarz strategisch nahezu
verlorenen Stellung führt.} 8. Qg3 {Die richtige Reaktion. Von nun an ist der
Bauer e6 chronisch schwach. 8.exf6?! Sf6 ist dagegen fein für den
Nachziehenden.} cxd4 9. Ne2 $1 {! Besser, als das naheliegende 9.a3?! Sh6! Da
Weiß sowieso nicht vor hat, zu rochieren, ist...} Bb4+ {...völlig harmlos} 10.
Kf1 Bc5 11. a3 a5 12. h4 Nge7 {Hier funktioniert 12...Sh6 13.Lxh6 gxh6 14.Df4
nicht mehr.} 13. Nf4 h6 14. Nh5 $1 {Für diesen Zug habe ich fast eine halbe
Stunde verbraucht - viel zu viel. Im Grunde impliziert das Springermanöver
bereits das folgende Figurenopfer, da Weiß anders nicht mehr vorwärts kommt.
Die Alternative 14.h5 erschien mir aber zu lahm - zurecht, wie die Analyse
zeigte.} g6 (14... Rg8 $4 15. Nxg7 Rxg7 16. Bxh6 $18) 15. Nf6 Qc7 16. Rh3 {
Hier hätte es bereits eine konkrete (und recht sehenswerte!) Lösung gegeben:} (
16. h5 $1 g5 17. Bxg5 hxg5 18. Qxg5 Ng8 (18... Nxe5 19. Nxe5 Qxe5 20. h6 $18)
19. h6 Qf7 20. Qg7+ $3 Qxg7 21. hxg7+ Kxg7 22. Ne8+ $18) 16... Nd8 17. h5 $1 {
Jetzt oder nie, Schwarz drohte sich mit Sd8-f7 zu konsolidieren} g5 18. Bxg5 $1
hxg5 19. Nxg5 Ng8 $1 20. Ngh7+ Qxh7 21. Nxh7+ Rxh7 {Schwarz hat den Angriff
abgeschlagen, dabei aber Material eingebüßt. Außerdem ist sein König schwach
und die Leichtfiguren schlecht koordiniert, kurzum - Weiß steht auf Gewinn.}
22. Qf4 Nh6 23. f3 Ndf7 (23... Nhf7 24. g4 Nc6 {mag einen Tick genauer sein,
ändert aber auch nicht an der Stellungsbewertung}) 24. g4 Be7 25. gxf5 $2 {
in schwerer Fehler in herannahender Zeitnot, der die Sache noch einmal richtig
spannend macht, was aber nicht direkt meine Absicht war. Die Idee, die
Stellung zu öffnen, ist richtig, aber Weiß muss sich zuerst koordinieren:} (25.
Rg3 Bd7 26. Ke2 Rg7 27. gxf5 Rxg3 28. Qxg3 Nxf5 29. Bxf5 exf5 30. Rg1 $18)
25... Nxf5 26. Bxf5 exf5 {Jetzt bin ich mir nicht mal mehr sicher, ob Weiß
hier überhaupt besser steht. Vor allem ist die Stellung aber ein
Paradebeispiel für ein gängiges modernes Phänomen: Am Brett fehlen dir hier
jegliche Orientiere, alle allgemeinen Gesetzte scheinen außer Kraft zu sein,
tieferes Rechnen ist selbst mit ausreichender Zeit kaum möglich, weil sich die
Varianten viel zu sehr verzweigen, in Zeitnot befindend, beschränkte ich mich
einfach darauf, nach Möglichkeit nichts einzustellen. Zu Hause angekommen,
schaltest Du eine Engine ein und gewinnst sofort das Gefühl, alles über die
Stellung zu erfahren. Die Stellungsbewertung steht klar und deutlich vor Dir,
eine ganze Reihe von Zugvorschlägen direkt dahinter, keine Geheimnisse mehr!
Ich denke aber, dass der Schein trügt. Selbst für das elektronische Hirn ist
die vorliegende Stellung (wie auch viele andere!) zu komplex, nur kennt es, im
Gegensatz zu unser einem, keine Zweifel.} 27. Qxd4 $6 Ng5 28. Rh1 Be6 $6 (28...
Nxf3 29. Qxd5 Ng5 30. Rd1 Be6 $1 31. Qxb7 Rc8 $13) 29. Qb6 $2 (29. Ke2) 29...
Kf7 (29... d4 $1) 30. Ke2 d4 31. Rag1 Bc4+ 32. Kd1 Ne6 33. Qxb7 Rd8 34. Rg6 Bd5
35. Qb6 (35. Qa6 {war wohl genauer, aber versuchen Sie mal, am Brett den
Unterschied herauszufinden.}) 35... Rxh5 $2 (35... Rdh8 $1 $13) 36. Rxh5 Kxg6
37. Rh3 Kg5 $3 {Die Rufzeichen stehen nicht für den objektiven Wert des Zuges
- den kennst sowieso niemand - sondern für die Ästhetik der dahinter
steckenden Idee.} 38. Qxa5 Kf4 39. Qa6 (39. Qd2+ $1 Kxe5 40. Qe1+ Kd6 41. f4 $1
{gewann auf eine ähnliche Art und Weise, wie sie später auch in der Partie
funktionierte.}) 39... d3 $2 {Das ist aber nun objektiv zu viel des Guten.
Deutlich stärker (und schöner!) war, z.B.} (39... Ng5 40. Rh4+ Kg3 41. Rh6 Nxf3
(41... d3 $5) (41... Bxf3+ $5 42. Kc1 Ne4) 42. Rh7 Kf4 $3 43. Rxe7 Rh8 44. Qf1
Bc4 $3 45. Qg2 Rh2 46. Qxh2+ Nxh2) 40. cxd3 $2 {Mit Sekunden auf der Uhr
schaffte ich es nicht, nach} (40. c4 Nc5 41. Qh6+ Bg5 {den Killerzug} 42. Rh4+
$1 {zu finden}) 40... Ke3 $2 {!! Fragezeichen für den objektiven Wert des
Zuges, Rufzeichen für die Folgerichtigkeit. 40...Lg5 führte zu..., na, Sie
wissen schon.} 41. f4+ $2 {Nun hatte ich endlich, zum ersten Mal seit die
Konstellation entstanden ist, Zeit zum Rechnen und verrechnete mich trotzdem!
Gewonnen hätte} (41. Qa5 Bxf3+ 42. Kc2 Nd4+ 43. Kb1 $18) 41... Kxf4 42. Qa4+
Kxe5 43. Re3+ Kf6 $2 {Danach geht mein Plan auf. Zwar hätte die Echovariante} (
43... Kd6 44. Qa6+ Kd7 45. Qb5+ Kd6 46. Qb6+ Kd7 47. Re5 $18 {ebenfalls
verloren, aber das zauberhafte 43...Le4!! scheint tatsächlich zu halten -
unglaublich!}) 44. Qh4+ Kf7 45. Qh5+ Kf6 46. Qh6+ Kf7 47. Qh7+ Kf6 48. Qh6+ Kf7
49. Re5 Bb3+ 50. Ke1 Rd6 51. Qh5+ Kg8 {Von f8 nach e3 und wieder zurück, aber
hier findet er seinen Tod.} 52. Qe8+ Bf8 53. Rxf5 1-0

[Event "EU-ch 2nd"]
[Site "Ohrid"]
[Date "2001.06.09"]
[Round "8"]
[White "Tiviakov, Sergei"]
[Black "Minasian, Artashes"]
[Result "1-0"]
[WhiteElo "2603"]
[BlackElo "2554"]
[Annotator "Psakhis,L"]
[PlyCount "81"]
[EventDate "2001.06.01"]
[EventType "swiss"]
[EventRounds "13"]
[EventCountry "YUG"]
[SourceTitle "CBM 084"]
[Source "ChessBase"]
[SourceDate "2001.09.13"]
[SourceVersion "1"]
[SourceVersionDate "2001.09.13"]
[SourceQuality "1"]

1. e4 e6 2. d4 d5 3. Nd2 {Sergey Tiviakov one of the leading expert in French
defence for white side.And it is funny that he has so good results making just
this modest move.} Be7 {Favorite weapon of all armenian grandmasters- boring
and solid players prefers 3... c5} 4. Bd3 c5 5. dxc5 Nf6 6. Qe2 Nc6 7. Ngf3
Bxc5 {I don,t like this move} (7... Nb4 $5 8. Nb3 Nxd3+ 9. cxd3 a5 $1 {more
intersting and stronger, for example} 10. Bg5 a4 11. Nbd2 h6 12. Bxf6 Bxf6 13.
e5 Be7 14. d4 Qa5 15. O-O O-O 16. Rfc1 b6 17. Qe3 Rb8 18. Rc2 Ba6 19. Rac1 Rfc8
$13 {0-1 Losev,D-Radjabov,T/Alushta Spring 2001/ (41)}) 8. O-O Qc7 9. a3 a6 {
I got this position few times with black in line 3.Nd2 a6, with additional
tempi ( don't forget , that Black took pawn in two moves) and still black's
task was not easy} ({Worth considering} 9... Bd7 10. e5 Ng4 11. b4 Nd4 $1 {
with possible continuation} (11... Bb6 12. Bb2 $36 {[%csl Ge5]}) 12. Qd1 Nxf3+
$5 (12... Bb6 13. Bb2 Nxf3+ 14. Nxf3 Ba4 15. Qe2 O-O-O 16. Rac1 Kb8 17. h3 Nh6
18. Nd4 Rc8 19. Qh5 $14 {1-0 Kotronias,V-Barsov,A/Patras op 2001/ (39)}) 13.
Nxf3 Be7 14. Qe2 f6 15. Bf4 O-O 16. exf6 Qxf4 17. fxe7 Rf7 18. h3 Nf6 19. c4
$14 {1/2-1/2 Gaprindashvili,V-Itkis,B/Alushta Autumn-2 2000/ (24)}) (9... a5
10. exd5 Nxd5 11. Qe4 Nf6 12. Qc4 b6 13. Ne4 Nxe4 14. Qxe4 Bb7 15. Bb5 O-O-O
16. Qe2 Nd4 17. Nxd4 Bxd4 18. Ba6 Bxa6 19. Qxa6+ Qb7 20. Qc4+ Qc7 21. Qe2 Kb7
22. c3 Bf6 23. Be3 $14 {1-0 Mahesh Chandran,P-Pert,N/Witley YM 2000/ (58)}) 10.
e5 $146 {[%mdl 4] New, simple and strong move, promice to White better chances}
(10. b4 Nd4 11. Nxd4 Bxd4 12. Ra2 {1/2-1/2 Jaracz,P-Socko,B/POL-ch Plock 2000 
(12)}) 10... Nd7 (10... Ng4 11. b4 Ba7 (11... Nd4 12. Qd1 Ba7 13. Bb2) 12. Bb2
$36) 11. Re1 $1 (11. b4 $6 Bd4 $1) 11... b5 12. Nb3 Be7 13. Bf4 Nb6 14. Nfd4
$16 {[%csl Rc8,Gd4][%cal Ge2g4] White got dream position: advantage in space,
full control on important d4 square, possibilities for attack on the king side.
} Bd7 15. c3 Na4 16. Nxc6 Bxc6 17. Nd4 g6 18. Rab1 Bd7 19. Qe3 $1 {[%cal Gf4g5]
There is no need for a long cogitation here to perceive that the exchange of
dark-squared bishops will bring White large dividends: elimination of an
important defender of Black's king, control of the dark squares and last but
not least, the white queen will acquire total freedom of movement on the
kingside and thus become pretty threatening for the Black king.} Bf8 20. Bg5 (
20. Bh6 $5 Bxh6 (20... Nxb2 21. Bxf8 Nxd3 22. Bd6 $1 $18) 21. Qxh6 Nxb2 $5 22.
Bxg6 Nc4 23. Bh5 $36 {[%csl Gh5]}) 20... Bg7 21. Qf4 h6 (21... O-O 22. Bh6 $40
(22. Be7 Nc5 23. Bc2 f6 $1 24. Bxf8 Rxf8 $44)) 22. Bf6 Bxf6 23. Qxf6 Rg8 (23...
O-O 24. Re3 Qd8 25. Qf4 {[%csl Gd3,Gd4,Ge3,Gf4,Rg8]}) 24. Qf4 Rh8 {Black
hasn't even shadow of counterplay} 25. Qf6 Rg8 26. Re3 Qd8 27. Qf4 h5 (27...
Qg5 28. Qxg5 hxg5 29. Rg3 $18) (27... Rh8 28. Rh3) 28. Rg3 Qe7 29. Nf3 {
[%csl Rf7][%cal Gf3g5] Black position is still hard nut to crack and Tiviakov
brings knight to the king's side.} Bc6 30. Ng5 Rg7 31. Bc2 Nb6 32. h4 Nd7 (
32... Nc4 $5) 33. Rf3 {[%csl Rf7]} Ra7 34. Qd4 (34. Nxf7 Rxf7 35. Bxg6 Nf8 36.
Bxh5 $18 {Was good enough}) 34... Qc5 $2 {Final blunder in very bad position.}
(34... Nf8 $142) 35. Nxf7 $1 $18 {Rest is simple} Qxd4 (35... Rxf7 36. Bxg6
Qxd4 37. Bxf7+) 36. Nd6+ Ke7 37. cxd4 {[%csl Rc6,Re7,Rg6]} Ra8 38. Rc1 Rf8 39.
Rg3 Rf4 40. Bxg6 Rxd4 (40... Ba8 41. Rc8 {[%cal Rc8e8,Rc8a8]} Rf8 42. Rc7) 41.
Rxc6 (41. Rxc6 Rd1+ 42. Kh2 Nxe5 43. Rc7+ Kxd6 44. Rxg7 Ng4+ 45. Rxg4 hxg4 46.
h5 $18) 1-0

[Event "Andorra op 18th"]
[Site "Andorra"]
[Date "2000.07.02"]
[Round "9"]
[White "Psakhis, Lev"]
[Black "Giaccio, Alfredo Gustavo"]
[Result "1-0"]
[WhiteElo "2599"]
[BlackElo "2508"]
[Annotator "Psakhis,L"]
[PlyCount "71"]
[EventDate "2000.06.24"]
[EventType "swiss"]
[EventRounds "9"]
[EventCountry "AND"]
[SourceTitle "CBM 076 Extra"]
[Source "ChessBase"]
[SourceDate "2000.07.11"]
[SourceVersion "1"]
[SourceVersionDate "2000.07.11"]
[SourceQuality "1"]

1. e4 e6 2. d4 d5 3. Nd2 a6 4. Bd3 c5 5. dxc5 (5. exd5 exd5 6. Qe2+ Be7 7. dxc5
Nf6 8. Ngf3 O-O 9. O-O Bxc5 10. Nb3 Re8 11. Qd1 Bb6 12. Bg5 h6 13. Bh4 Nc6 $11
{0-1 Srebrnic,M-Praznik,A/Ljubljana op 2000/The Week in Chess 294 (26)}) 5...
Nd7 $6 $146 (5... Bxc5 6. exd5 exd5 7. Nb3 Be7 (7... Ba7 8. Ne2 Nf6 9. O-O O-O
10. Bg5 Nc6 11. c3 Bb8 12. f4 Ba7+ 13. Kh1 Qd6 14. Bc2 Ng4 15. Nbd4 h6 16. Qd3
f5 17. Bh4 Be6 18. Rad1 Rae8 19. h3 Nxd4 20. Nxd4 Bxd4 21. Qxd4 Nf6 22. Rfe1
$36 {1-0 Stentebjerg Hansen,P-Petersen,K/DEN-chJ int 1979 (28)}) 8. Ne2 Nf6 9.
Bg5 {1/2-1/2 Bronstein,D-Gurevich,M/Brussels op 1995 (9)}) 6. b4 $1 a5 (6... b6
7. exd5 exd5 (7... Qf6 8. Rb1 bxc5 9. Ne4 Qe5 10. dxe6 Qxe6 11. Nf3 cxb4 (11...
Ngf6 12. O-O $18 {[%csl Re8]}) 12. O-O $16) 8. Qe2+ Qe7 9. cxb6 $16) (6... Qg5
7. Ngf3 Qxg2 8. Rg1 Qh3 9. Rg3 Qh5 10. Rg5 $16) 7. exd5 Qf6 (7... exd5 8. Qe2+
Be7 9. c3 $16) 8. Rb1 Qe5+ 9. Ne2 axb4 (9... Qxd5 10. Be4 Qh5 11. Bf3 Qf5 12.
c6 $18) 10. dxe6 Qxe6 11. O-O (11. Rxb4 Ngf6) 11... Bxc5 12. Nf4 $16 Qc6 13.
Qe2+ (13. Qg4 Kf8 $1) 13... Ne7 14. Bb5 (14. Ne4 $5 O-O 15. Bb2 $40) 14... Qc7
(14... Qb6 15. a3 $1 $18) 15. Ne4 O-O (15... b6 16. Nxc5 Qxc5 17. Re1 Bb7 (
17... O-O 18. Bxd7 Bxd7 19. Nd3) 18. Bd2 $18) 16. Nd3 $1 {[%cal Ge2e7]} Bd6 (
16... b6 17. Nexc5 Nxc5 18. Bf4 Qd8 19. Nxb4 $16) 17. Nxd6 Qxd6 18. Nxb4 (18.
Bf4 Qf6) 18... Nf6 19. Rd1 Qe6 (19... Qc7 20. Qc4 $5) 20. Bb2 Qxe2 21. Bxe2 Be6
22. Bf3 $18 {[%csl Gb2,Gb4,Gf3]} Ra5 (22... Bxa2 23. Nxa2 Rxa2 24. Bxb7) 23.
Bxb7 Nfd5 $5 24. a3 f6 (24... Nxb4 25. axb4 Rb5 26. Bf3 Rxb4 $2 27. Ba3 Rxb1
28. Rxb1 $18) 25. c4 Nf4 $6 (25... Nxb4 $1 26. axb4 Ra4 27. b5 Bxc4 28. Rd7)
26. Re1 Ra7 27. Bf3 (27. Ba6 $5 {[%cal Ga6b5,Ga3a4]}) 27... Bxc4 28. Re4 Bd3
29. Nxd3 Nxd3 30. Bd4 Rc7 (30... Rd7 31. Be2 Nf5 32. Bb6 Rb8 33. a4 $18) 31.
Be2 $1 Nc1 32. Bf1 (32. Rxe7 $2 Rxe7 33. Bc4+ Kh8 34. Rxc1 Rc7 {[%cal Rc7c1]})
32... Nf5 33. Bb6 Rb8 34. a4 Kh8 35. a5 $138 (35. Bxc7 $1) 35... Nd6 36. Bxc7
1-0